Particularidades y enseñanzas de la revolución en Nicaragua (balance de una mesa redonda) /

Αποθηκεύτηκε σε:
Λεπτομέρειες βιβλιογραφικής εγγραφής
Κύριος συγγραφέας: Mikoyán, Sergio
Μορφή: Κείμενο
Ετικέτες: Προσθήκη ετικέτας
Δεν υπάρχουν, Καταχωρήστε ετικέτα πρώτοι!

MARC

LEADER 00000 a a2200000 04500
001 758
003
040
100 |a Mikoyán, Sergio  
245 |a Particularidades y enseñanzas de la revolución en Nicaragua (balance de una mesa redonda) /  |c Sergio Mikoyán 
773 |g número 7; páginas 239-250  
999 |c 34524  |d 34524